| 000 | 00509nam a22001697a 4500 | ||
|---|---|---|---|
| 003 | OSt | ||
| 005 | 20140310182513.0 | ||
| 008 | 130220t xxu||||| |||| 00| 0 eng d | ||
| 020 | _a9789710388776 | ||
| 050 |
_aQA 531 _b.Sa246 2009 |
||
| 100 |
_aSarmiento, Agnes Cenen E. _99082 |
||
| 245 |
_aPlane and spherical trigonometry / _cAgnes Cenen E. Sarmiento. |
||
| 260 |
_aMandaluyong City : _b Books Atbp. Publishing, _cc2009. |
||
| 300 |
_a157 p. : _bill. ; _c22 cm. |
||
| 942 |
_2lcc _cSSLC |
||
| 999 |
_c13931 _d13931 |
||